Costa Rica

Gorde:
Xehetasun bibliografikoak
Egile nagusia: Guillén, Diana
Formatua: Texto
Argitaratua: México D.F: Universidad de Guadalajara; Instituto Mora
Etiketak: Etiketa erantsi
Etiketarik gabe, Izan zaitez lehena erregistro honi etiketa jartzen!

MARC

LEADER 00000 a a2200000 04500
001 23583
003
040
020 |a 968-6173-59-5  
090 |a 162400  
100 |a Guillén, Diana  
245 |a Costa Rica  
260 |a México D.F:   |b Universidad de Guadalajara; Instituto Mora  
300 |a 175 p   |b map.  
999 |c 12600  |d 12600